000 00308 a2200157 4500
001 58210
020 _a8501043923
040 _cAnchieta - Pituba
100 _aRasi, Mauro
240 1 0 _aPérola
_lpor
245 1 0 _aPérola
300 _a143
362 0 _a1995
650 4 _aDrama brasileiro
942 _cBK
999 _c58210
_d58210